"A menny baromfiai" - erdélyi módra. Láng Zsolt: Bestiarium Transylvaniae. az ég madarai. {Láng zsolt: Bestiarium Transylvaniae. Pasarile cerului}. [Bestiarium Transylvaniae from Láng Zsolt Láng Zsolt: Bestiarium transylvaniae. Az ég madarai.
Elmentve itt :
| Szerző: | |
|---|---|
| Adatforrás: | Meister |
| Forrásdokumentuma: | Korunk. - 2001. 8, 114-118. |
| Nyelv: | magyar |
| Kulcsszavak: | irodalomkritika critica literara literary criticism |
| LEADER | 00603nab a2200145 i 4500 | ||
|---|---|---|---|
| 001 | bibPRO00013374 | ||
| 008 | 080908s2001 xx hun | ||
| 040 | |a Sz1 | ||
| 041 | |a hun | ||
| 100 | 1 | |a WILKINSON Tim | |
| 245 | 1 | 3 | |a "A menny baromfiai" - erdélyi módra. Láng Zsolt: Bestiarium Transylvaniae. az ég madarai. {Láng zsolt: Bestiarium Transylvaniae. Pasarile cerului}. [Bestiarium Transylvaniae from Láng Zsolt Láng Zsolt: Bestiarium transylvaniae. Az ég madarai. |c WILKINSON Tim |
| 695 | |a irodalomkritika | ||
| 695 | |a critica literara | ||
| 695 | |a literary criticism | ||
| 773 | 0 | |t Korunk. - |g 2001. 8, 114-118. | |